000
00266nam a2200109Ia 4500
008
190216s9999||||xx |||||||||||||| ||und||
100
_a
Prabakarayyar
245
0
_a
Bhashayum Manashashthravum
260
_b
Bhasha Institute
650
_a
Malayalam
942
_c
BK
999
_c
40276
_d
40276